Ảnh hưởng của hàm lượng axit trong môi trường đất đối với cọc xi măng đất : Báo cáo tổng kết đề tài nghiên cứu khoa học của sinh viên
Phân tích ứng xử của cọc xi măng - đất trong môi trường đất nhiễm phèn, xác định các chỉ tiêu cơ lý của cọc xi măng - đất, xây dựng mô hình tính toán cường độ cọc xi măng đất.
Sparad:
| Huvudupphovsman: | |
|---|---|
| Materialtyp: | Bok |
| Språk: | Undetermined |
| Publicerad: |
Cần Thơ
Trường Đại học Cần Thơ
2018
|
| Ämnen: | |
| Taggar: |
Lägg till en tagg
Inga taggar, Lägg till första taggen!
|
| Thư viện lưu trữ: | Trung tâm Học liệu Trường Đại học Cần Thơ |
|---|
| LEADER | 01173nam a2200217Ia 4500 | ||
|---|---|---|---|
| 001 | CTU_229064 | ||
| 008 | 210402s9999 xx 000 0 und d | ||
| 082 | |a 624.15 | ||
| 082 | |b K312 | ||
| 088 | |a TSV2018-30 | ||
| 100 | |a Trần, Quốc Kính | ||
| 245 | 0 | |a Ảnh hưởng của hàm lượng axit trong môi trường đất đối với cọc xi măng đất : | |
| 245 | 0 | |b Báo cáo tổng kết đề tài nghiên cứu khoa học của sinh viên | |
| 245 | 0 | |c Trần Quốc Kính (Chủ nhiệm đề tài) ; Lê Gia Lâm (Người hướng dẫn) | |
| 260 | |a Cần Thơ | ||
| 260 | |b Trường Đại học Cần Thơ | ||
| 260 | |c 2018 | ||
| 520 | |a Phân tích ứng xử của cọc xi măng - đất trong môi trường đất nhiễm phèn, xác định các chỉ tiêu cơ lý của cọc xi măng - đất, xây dựng mô hình tính toán cường độ cọc xi măng đất. | ||
| 650 | |a Underground engineering,Kỹ thuật dưới lòng đất | ||
| 910 | |b nthai | ||
| 980 | |a Trung tâm Học liệu Trường Đại học Cần Thơ | ||